Zásobování a odbyt 2

Saved in:
Bibliographic Details
Main Author: Souček, Zdeněk
Corporate Author: Vysoká škola ekonomická v Praze. Výrobně ekonomická fakulta
Format: Book
Language:Czech
Published: Praha Státní pedagogické nakladatelství 1981
Tags: Add Tag
No Tags, Be the first to tag this record!

MARC

LEADER 00000nam a2200000 4500
001 c131603
005 20190201122640.6
041 0 |a cze 
044 |a CZ 
245 1 0 |a Zásobování a odbyt 2  |c Zdeněk Souček a kol. 
264 1 |a Praha  |b Státní pedagogické nakladatelství  |c 1981 
300 |a 266 s. 
100 1 |a Souček, Zdeněk 
710 2 |a Vysoká škola ekonomická v Praze. Výrobně ekonomická fakulta